000 00520nam a2200169 a 4500
005 20220520113310.0
008 991125s1951 mx 000 0 spa u
035 _aUPN01000039171
049 _aCG
050 4 _aLB1642 M6
_bN8.4a
100 1 _aNúñez Mata, Efrén,
_d1890-1974
_929438
245 1 0 _aMéxico en la historia /
_cEfrén Núñez Mata.
260 _aMéxico :
_bSEP,
_c1951.
300 _a611 p., [2] h. plegs. :
_bil.
651 4 _aMéxico
_xHistoria
_xEstudio y enseñanza (Secundaria)
_99913
905 _aLibro
999 _c39171
_d39171